Indian language ... or Indian language - Statistics

General Stats
  • This quiz has been taken 32 times
  • The average score is 13 of 15
Answer Stats
Question Answer % Correct
Ojibwe North America
100%
Sioux North America
100%
Navajo North America
100%
Kannada South Asia
100%
Hindi South Asia
100%
Maithili South Asia
100%
Punjabi South Asia
100%
Sanskrit South Asia
100%
O'odham North America
89%
Odia South Asia
89%
Haida North America
78%
Chuj North America
78%
Mam North America
67%
Ho South Asia
44%
Meitei South Asia
33%
No matching quizzes found
Score Distribution
Percent of People with Each Score
Percentile by Number Answered
Your Score History
You have not taken this quiz